Statistics for Not Countries

Click here to take the quiz!

General Stats

  • This quiz has been taken 40 times
  • The average score is 11 of 15

Answer Stats

YearStatusWhat is it?'Country'% Correct
1262Danish territoryMassive Atlantic island colonised by VikingsGreenland
100%
1707Constituent countryNorthern half of Great Britain, merged with EnglandScotland
97%
-Occupied Israeli landSelf-declared country recognised by 136 UN membersPalestine
94%
414British overseas territory'Choke point' and one of the Pillars of HerculesGibraltar
89%
1493U.S. territoryCaribbean island once claimed by Columbus for SpainPuerto Rico
89%
1871Germany regionLarge region of Germany containing MunichBavaria
89%
1668U.S. territoryAsian island seized from Spain in 1898Guam
86%
-Self-declared countryFuzzy Arabian land owned by the KurdishKurdistan
83%
-Self-declared countrySection of a Mediterranean island claimed by TurkeyNorthern Cyprus
67%
1918Self-declared countryRegion of Georgia with little recognitionSouth Ossetia
64%
1809French territoryLast remaining European land on the American mainlandFrench Guiana
50%
1864Self-declared countryRegion of Georgia with little recognitionAbkhazia
50%
1901New Zealand islandTiny island very briefly owned by the UKNiue
42%
-Destroyed by AslanMassive country which borders ArchenlandNarnia
33%
-Self-declared countryAlternate name of Key West, which 'seceded' in 1982Conch Republic
17%

Score Distribution

Percentile by Number Answered

Percent of People with Each Score

Your Score History

You have not taken this quiz